000 00444nam a2200193Ia 4500
001 084244
003 YMCAF
005 20230512161439.0
008 100717s2002 ||||||||||||||||| ||und|d
024 _a84244
035 _a23704
040 _aYMCAF
_beng
_cIN-KoLT
041 _aeng
100 _aCartin, Thomas
245 0 _aPrinciples and practical of organizational performance
260 _bPHI
_c2002
300 _a334
942 _2ddc
_cBK
999 _c8639
_d8639